| 000 | 01064nam a22002537a 4500 | ||
|---|---|---|---|
| 005 | 20240530110934.0 | ||
| 008 | 220221s ua c g b 000 0 ara d | ||
| 017 | _bمصر. دار الكتب | ||
| 040 |
_aEG-CaGPL _cEG-CaGPL |
||
| 082 | 0 | 4 |
_221 _a338.962 / _bع ث |
| 100 | 0 | _aعبدالعظيم القرعلى | |
| 245 | 1 | 0 |
_aونحن نعيد البناء / _cتاليف عبدالعظيم القرعلى ؛ تقديم عثمان احمد عثمان ، احمد كمال القلعاوى |
| 260 |
_aالقاهرة : _bمؤسسة دار التعاون للطبع والنشر ، _cد. ت |
||
| 300 |
_a197ص؛ _c20سم |
||
| 650 | 0 | 7 |
_aالبناء والتعمير _2qrmak |
| 650 | 0 | 7 |
_aنكسة 1967 _2qrmak |
| 650 | 0 | 7 |
_aالمساكن _2qrmak _xمصر |
| 650 | 0 | 7 |
_aعثمان احمد عثمان _2qrmak |
| 651 |
_2qrmak _aمدينة الاسماعيلية |
||
| 700 |
_aعثمان احمد عثمان _eمقدم |
||
| 700 |
_aاحمد كمال القلعاوى _eمقدم |
||
| 942 |
_2ddc _cBK |
||
| 999 |
_c66698 _d66698 |
||